Detalles MARC
| 000 -CABECERA |
| campo de control de longitud fija |
01096nam a2200277 i 4500 |
| 003 - IDENTIFICADOR DEL NÚMERO DE CONTROL |
| campo de control |
DO-SdBNP |
| 005 - FECHA Y HORA DE LA ÚLTIMA TRANSACCIÓN |
| campo de control |
20250722094653.0 |
| 007 - CAMPO FIJO DE DESCRIPCIÓN FÍSICA--INFORMACIÓN GENERAL |
| campo de control de longitud fija |
ta |
| 008 - DATOS DE LONGITUD FIJA--INFORMACIÓN GENERAL |
| campo de control de longitud fija |
130701s1997 dr r 000 0 spa d |
| 040 ## - FUENTE DE LA CATALOGACIÓN |
| Centro catalogador/agencia de origen |
DO-SdBNP |
| Lengua de catalogación |
spa |
| Centro/agencia transcriptor |
BNPHU |
| Normas de descripción |
rda |
| 041 ## - CÓDIGO DE LENGUA |
| Código de lengua del texto/banda sonora o título independiente |
spa |
| 082 #4 - NÚMERO DE LA CLASIFICACIÓN DECIMAL DEWEY |
| Número de clasificación |
xxxx |
| Número de documento/Ítem |
xxxx |
| Número de edición |
22 |
| 110 1# - ENTRADA PRINCIPAL--NOMBRE DE ENTIDAD CORPORATIVA |
| Nombre de entidad corporativa o nombre de jurisdicción como elemento de entrada |
República Dominicana |
| 9 (RLIN) |
447 |
| 240 10 - TÍTULO UNIFORME |
| Título uniforme |
Leyes, [etc] |
| 245 10 - MENCIÓN DE TÍTULO |
| Título |
Ley No. 659 relativa a los actos del Estado Civil del 17 de julio de 1944 G.O. 6114 y sus modificaciones : |
| Resto del título |
leyes 1306, 985, 1683, 5152, 1097, 585, 855, 390, 4999, 3931, 716, 284, 419, 406, 2, 84, 61, 214, 5818, 287, 5007, 55, 207, 64, 5832, 87, 1015, res. 4750, 3874 y reglamento 4151 / |
| Mención de responsabilidad, etc. |
edición, Héctor Bdo. Guzmán |
| 250 ## - MENCIÓN DE EDICIÓN |
| Mención de edición |
Primera edición ampliada con sus modificaciones |
| 264 #1 - PRODUCCIÓN, PUBLICACIÓN, DISTRIBUCIÓN, FABRICACIÓN Y COPYRIGHT |
| Producción, publicación, distribución, fabricación y copyright |
Santo Domingo : |
| Nombre del de productor, editor, distribuidor, fabricante |
Dalis, |
| Fecha de producción, publicación, distribución, fabricación o copyright |
1997. |
| 300 ## - DESCRIPCIÓN FÍSICA |
| Extensión |
138 páginas ; |
| Dimensiones |
21 cm. |
| 336 ## - TIPO DE CONTENIDO |
| Término de tipo de contenido |
texto |
| Código de tipo de contenido |
txt |
| Fuente |
rdacontent |
| 337 ## - TIPO DE MEDIO |
| Nombre/término del tipo de medio |
sin mediación |
| Código del tipo de medio |
n |
| Fuente |
rdamedia |
| 338 ## - TIPO DE SOPORTE |
| Nombre/término del tipo de soporte |
volumen |
| Código del tipo de soporte |
nc |
| Fuente |
rdacarrier |
| 590 ## - NOTA LOCAL (RLIN) |
| Nota local |
Inventariado, 2018/BT |
| 700 ## - PUNTO DE ACCESO ADICIONAL--NOMBRE DE PERSONA |
| Nombre de persona |
Guzmán, Héctor Bdo. |
| Término indicativo de función/relación |
editor |
| Código de función/relación |
ed. |
| 9 (RLIN) |
71585 |
| 910 ## - DATOS DE OPCIÓN DEL USUARIO (OCLC) |
| Datos de opción del usuario |
Btavárez |
| 942 ## - ELEMENTOS DE PUNTO DE ACCESO ADICIONAL (KOHA) |
| Fuente del sistema de clasificación o colocación |
Dewey Decimal Classification |
| Tipo de ítem Koha |
Libro |